000 00974cam a2200229 4500
001 ##L134763
008 060830n2006 000 0 eng u
035 _a(Sirsi) u134763
041 0 _aeng
050 0 4 _a333.33 $2 18
110 2 _aCB Richard Ellis
_93675
245 0 0 _aResidential property market
_b2006 Q2 overview
260 _aLondon
_bCBRE
_c2006
490 0 _aCB Richard Ellis/Hamptons International Market View
_vQ2 2006
520 _aThe market has remained buoyant in the second quarter of 2006, with average residential property prices increasing by just under 3% in that period. London now has the most expensive prime and super prime residential market in the world. Tables, graphs.
590 _aIKA050906
651 4 _aInternational
690 _aPROPERTY-RESIDENTIAL PROPERTY-RESIDENTIAL PROPERTY MARKET
710 2 _aHamptons International
_94999
856 4 0 _uhttps://www.cbre.com
_zView the item free of charge at www.cbre.com...
942 _n0
999 _c105799
_d105799